000 00417nam a2200145Ia 4500
008 100122s9999 xx 000 0 und d
082 _b40271
_a81
100 _aखाडिलकर नीलकंठ
245 _aलेखननामा
260 _bशलाका प्रकाशन
_c1986
300 _a203
630 _aलेखननामा
730 _aलेखननामा
942 _cBOOK
999 _c421168
_d421165